[Event "HCL-A071"]
[Site "www.playchess.de"]
[Date "2001.02.20"]
[Round "9"]
[White "Stema"]
[Black "BerndS"]
[WhiteElo "1686"]
[BlackElo "1736"]
[PlyCount "59"]
[Result "1-0"]

1.e4 c5 2.Nf3 d6 3.d4 cxd4 4.Nxd4 Nf6 5.Nc3 a6 
6.Bg5 e6 7.Bc4 Be7 8.O-O O-O 9.Bd3 b5 10.Qe1 Qc7 
11.e5 dxe5 12.Bxf6 Bxf6 13.Qe4 g6 14.Ndxb5 axb5 
15.Qxa8 Bb7 16.Qa3 Na6 17.Bxb5 Nc5 18.Rad1 Ra8 
19.Qb4 Be7 20.Qc4 Rc8 21.a4 Qb8 22.Qg4 Qa8 23.Rda1 
Ne4 24.Nxe4 Bxe4 25.c4 Bc5 26.Rfe1 f5 27.Qg5 Kg7 
28.Red1 Bd4 29.Qe7+ Kh6 30.Ra3 1-0

[Event "HCL-B153"]
[Site "www.playchess.de"]
[Date "2001.02.20"]
[Round "10"]
[White "Pelikan"]
[Black "sarek"]
[WhiteElo "1380"]
[BlackElo "1086"]
[PlyCount "35"]
[Result "1-0"]

1.d4 e6 2.c4 Nf6 3.Nc3 Bb4 4.e3 O-O 5.Bd3 d5 
6.Nge2 c5 7.O-O Bxc3 8.bxc3 Nc6 9.Ba3 Bd7 10.Bxc5 
Re8 11.cxd5 Nxd5 12.c4 Nf6 13.Rb1 b6 14.Ba3 Qc7 
15.Ng3 e5 16.d5 Ne7 17.Bxe7 Rxe7 
18.d6 1-0

[Event "HCL-B162"]
[Site "www.playchess.de"]
[Date "2001.02.20"]
[Round "2"]
[White "castle2safety"]
[Black "orange"]
[WhiteElo "1500"]
[BlackElo "1029"]
[PlyCount "26"]
[Result "0-1"]

1.e4 c5 {hello}  2.Nf3 {Hi,Good Luck!}  d6 {thanks 
castle. what part of usa are u from? is it good to 
have your new president?}  3.Bc4 {Hi,I'm located 
in central New York. What part of G.B. are you 
from?Yes,I hope Pre.Bush works out.}  e6 {that 
would be brisbane australia}  4.d3 {Sorry. Hot 
there?Cold here!}  Nf6 {its ok. has been 35C and 
80% humid, too hot.}  5.Bg5 Be7 6.Nc3 O-O 7.Bxf6 
Bxf6 {so when you going to castle?}  8.O-O {Now!}  
a6 9.a3 Qa5 {all my games are difficult no easy 
ones}  10.Re1 Bxc3 11.bxc3 Qxc3 12.Qd2 Qf6 13.e5 
Qe7 0-1

[Event "HCL-B162"]
[Site "www.playchess.de"]
[Date "2001.02.20"]
[Round "3"]
[White "pird"]
[Black "castle2safety"]
[WhiteElo "1498"]
[BlackElo "1500"]
[PlyCount "45"]
[Result "1-0"]

1.e4 c5 2.d4 cxd4 {Hello}  3.c3 dxc3 4.Nxc3 e5 
5.Nf3 Nc6 6.Bc4 Bb4 7.O-O Bxc3 8.bxc3 Nf6 9.Qe2 
O-O 10.Rd1 b6 11.Bb5 Bb7 12.Bg5 Qe7 13.Bxf6 Qxf6 
14.Rxd7 Bc8 15.Rd5 Bg4 16.Bxc6 Qxc6 17.Qd3 Bxf3 
18.Qxf3 f6 19.Rad1 Qa4 20.Qe2 Rac8 21.R5d7 Rxc3 
22.Qg4 g6 23.Qe6+ 1-0

[Event "HCL-B162"]
[Site "www.playchess.de"]
[Date "2001.02.20"]
[Round "6"]
[White "castle2safety"]
[Black "Gruhni"]
[WhiteElo "1500"]
[BlackElo "1412"]
[PlyCount "32"]
[Result "0-1"]

1.e4 e5 2.Nf3 {Hello}  Nc6 {Hello}  3.Bb5 a6 4.Ba4 
b5 5.Bb3 d6 6.d4 exd4 7.Nxd4 Nxd4 8.Qxd4 Qf6 9.Qd5 
Rb8 10.Bg5 Qg6 11.O-O Be6 12.Qc6+ Bd7 13.Qxc7 Rc8 
14.Qb7 a5 15.f4 f6 16.Bh4 Qh5 0-1

[Event "HCL-B162"]
[Site "www.playchess.de"]
[Date "2001.02.20"]
[Round "13"]
[White "castle2safety"]
[Black "iq160"]
[WhiteElo "1500"]
[BlackElo "998"]
[PlyCount "28"]
[Result "0-1"]

1.e4 e5 2.Nf3 {Hello}  Nc6 3.Bb5 a6 4.Ba4 Nf6 {hi} 
 5.O-O Nxe4 6.Re1 Nc5 7.Bxc6 {hi}  dxc6 8.Nxe5 Be7 
9.Qf3 O-O 10.d3 Ne6 11.Qg3 Nd4 {I'm gonna have a 
break for a couple of days, so long.}  12.Bh6 Nf5 
13.Qf3 Nxh6 14.h3 Nf5 0-1

[Event "HCL-B162"]
[Site "www.playchess.de"]
[Date "2001.02.20"]
[Round "18"]
[White "Hamburger"]
[Black "castle2safety"]
[WhiteElo "1200"]
[BlackElo "1500"]
[PlyCount "35"]
[Result "1-0"]

1.d4 d5 2.c4 c6 {Hello}  3.Nc3 Nf6 4.Bg5 Bf5 
5.Bxf6 gxf6 6.e3 e5 7.cxd5 cxd5 8.Bb5+ Nc6 9.Qa4 
Qd7 10.Rc1 a6 11.Bxc6 bxc6 12.Nge2 Be4 13.Nxe4 
dxe4 14.dxe5 Rc8 15.exf6 Qe6 16.Nd4 Qxf6 17.Rxc6 
Rxc6 18.Qxc6+ 1-0

[Event "HCL-B162"]
[Site "www.playchess.de"]
[Date "2001.02.20"]
[Round "19"]
[White "Gruhni"]
[Black "Hamburger"]
[WhiteElo "1412"]
[BlackElo "1200"]
[PlyCount "74"]
[Result "0-1"]

1.e4 c5 2.Nf3 {Hallo aus Frankfurt!}  d6 3.Nc3 Nf6 
4.Bb5+ Nc6 5.d3 Bd7 6.O-O a6 7.Bxc6 Bxc6 8.Bg5 e6 
9.e5 dxe5 10.Nxe5 Rc8 11.Nxc6 Rxc6 12.Qf3 Be7 
13.Rab1 O-O 14.Bxf6 Bxf6 15.Ne4 Be7 16.Rfd1 Qc7 
17.a3 b5 18.Qg3 Bd6 19.Nxd6 Rxd6 20.Rd2 Rfd8 
21.Rbd1 Qe7 22.Qe3 Qf6 23.c3 R6d5 24.d4 c4 25.Re1 
a5 26.Rde2 b4 27.axb4 axb4 28.Ra1 b3 29.Ra4 Rc8 
30.Re1 Qf5 31.Rea1 Qc2 32.Qc1 Qe2 33.Qf1 Qxb2 
34.Qxc4 Rdd8 35.Qb4 Rxc3 36.Qa3 Qxa3 37.R4xa3 
b2 0-1

[Event "HCL-C162"]
[Site "www.playchess.de"]
[Date "2001.02.20"]
[Round "1"]
[White "Translightor"]
[Black "lienk"]
[WhiteElo "1401"]
[BlackElo "1138"]
[PlyCount "67"]
[Result "1-0"]

1.e4 e5 2.Nf3 Nc6 3.Bb5 Qf6 4.O-O Bc5 5.Nc3 a6 
6.Ba4 d6 7.d3 Bg4 8.Nd5 Qd8 9.c3 b5 10.Bb3 Nf6 
11.Bg5 h6 12.Nxf6+ gxf6 13.Bd5 O-O 14.Bxh6 Re8 
15.Bxc6 Re7 16.Bxa8 Qxa8 {Good game! I will fight 
on.}  17.Be3 {Of course. It is still not easy to 
transform the advantage into a win.}  Ba7 18.Qe2 
f5 19.Bxa7 Qxa7 20.h3 Bh5 21.exf5 f6 22.Qe3 c5 
23.g4 Rg7 24.Qe4 Qd7 25.c4 Bxg4 26.hxg4 d5 
27.Qxd5+ Qxd5 28.cxd5 Rxg4+ 29.Kh2 Rf4 30.Rfg1+ 
Kf8 31.Kg3 Rxf5 32.Rgh1 Rf4 33.Rh8+ Kg7 
34.Rah1 1-0

[Event "HCL-B167"]
[Site "www.playchess.de"]
[Date "2001.02.20"]
[Round "8"]
[White "Eyechess"]
[Black "Redbaron"]
[WhiteElo "1394"]
[BlackElo "1458"]
[PlyCount "57"]
[Result "1-0"]

1.e4 e5 {Hello from Houston.}  2.Nf3 {Greetings 
from Peoria, Illinois}  Nc6 3.Bb5 Nf6 4.O-O Bc5 
5.Nxe5 Nxe5 6.d4 c6 7.dxe5 Nxe4 8.Bd3 Nxf2 9.Rxf2 
d6 10.exd6 Bxf2+ 11.Kxf2 Qh4+ 12.Kg1 Qd4+ 13.Kh1 
Qxd6 14.Nc3 Be6 15.Be3 O-O-O 16.Bxa7 Rhe8 17.Bb6 
Rd7 18.Ne4 Qe5 19.c3 Qd5 20.Qa4 Rc7 21.Nc5 Kd8 
22.Be4 Qc4 23.Nxe6+ Qxe6 24.Rd1+ Ke7 25.Bc5+ Kf6 
26.Rf1+ Kg5 27.Be3+ Kh5 28.Qd1+ Kh4 
29.g3+ 1-0

[Event "HCL-B158"]
[Site "www.playchess.de"]
[Date "2001.02.20"]
[Round "6"]
[White "plobi"]
[Black "Jeff_Foster"]
[WhiteElo "1234"]
[BlackElo "1364"]
[PlyCount "43"]
[Result "1/2-1/2"]

1.d4 {I wish you a good and fair game! The better 
should be win ... *g*}  Nf6 {hi, good luck :)}  
2.c4 e6 3.Nf3 c5 4.e3 d5 5.Nc3 Nc6 6.Qa4 Bd7 
7.dxc5 Bxc5 8.cxd5 exd5 9.Qb3 O-O 10.Nxd5 Bg4 
11.Nxf6+ Qxf6 12.Be2 Bb4+ 13.Bd2 Bxf3 14.Bxb4 
{nice game ...}  Bxg2 {yes :)}  15.Rg1 Nxb4 
16.Rxg2 Qe7 17.Qc3 g6 18.Rg4 Nd5 19.Qa5 {what 
about a draw?}  Nf6 {i'd rather play on thanks, 
need to practise my endgame skills :)}  20.Qb4 
{sure, but it looks like a clear remis ...}  Qe5 
21.Rd4 {we can play for hours ...}  Rfe8 
22.Qxb7 1/2-1/2

[Event "HCL-A073"]
[Site "www.playchess.de"]
[Date "2001.02.20"]
[Round "7"]
[White "Meho"]
[Black "teenspirit"]
[WhiteElo "1700"]
[BlackElo "1755"]
[PlyCount "43"]
[Result "1-0"]

1.e4 {hello}  e6 {Hi Meho. Nice to play u}  2.d4 
{I am from Ýstanbul/Turkey}  d5 {Me from 
Barcelona. Are u a Galatasaray supporter?}  3.Nd2 
{Yes, I support Galatasaray. You supprt Barcelona? 
Very good team also, but they was better at befor} 
 Nf6 {Well, this weekend, Barcelona 7- Bilbao 0... 
Hagi still playing?}  4.e5 {Yes, Hagi plays, this 
season he finishing.}  Nfd7 {What a great 
player...}  5.f4 {He is going to be trainer in 
G.Saray}  c5 {I love his game. Such a pity he 
couldn't get success in Barcelona}  6.c3 {He make 
nice things here.}  b6 7.Ndf3 Ba6 8.Bd3 Bxd3 
9.Qxd3 Nc6 10.Be3 Be7 11.Ne2 Rc8 12.O-O O-O 13.f5 
cxd4 14.Bxd4 Bc5 15.Kh1 Qc7 16.fxe6 Ndxe5 17.exf7+ 
Kh8 18.Nxe5 Nxe5 19.Bxe5 Qxe5 20.Nf4 Rc6 21.Rae1 
Qc7 22.Ne6 1-0

[Event "HCL-A073"]
[Site "www.playchess.de"]
[Date "2001.02.20"]
[Round "10"]
[White "hominoid"]
[Black "Meho"]
[WhiteElo "1426"]
[BlackElo "1700"]
[PlyCount "36"]
[Result "0-1"]

1.c4 Nf6 {Hi, nice game.}  2.Nc3 e6 3.d4 d5 4.Nf3 
Be7 5.e3 O-O 6.Bd2 Nbd7 7.Qb3 c6 8.cxd5 Nxd5 
9.Nxd5 exd5 10.Bd3 Nf6 11.Qc2 Re8 12.h3 Bf8 13.O-O 
Ne4 14.Bc3 Qf6 15.Bxe4 Rxe4 16.Qd2 Bxh3 17.gxh3 
Qxf3 18.Rae1 Re6 0-1

[Event "HCL-E025"]
[Site "www.playchess.de"]
[Date "2001.02.20"]
[Round "1"]
[White "dzwonek"]
[Black "peze2"]
[WhiteElo "2346"]
[BlackElo "2103"]
[PlyCount "88"]
[Result "0-1"]

1.d4 Nf6 {Hello again! Good luck!}  2.Nf3 {Why do 
you use so many accounts?}  c5 {I will play with 
my friends in various classes.}  3.d5 {You mean 
HCL and ACL?}  e6 {I mean HCL-B / -A / -E ...}  
4.c4 {If you play on one level, why do you play in 
lower one? Previous game we played in ACL.}  d6 
{Yes,ACL-A058. My chess-friend Lukas "Fleischer" 
(www.schachspiel.de) played in this tournament.}  
5.Nc3 {It's not human leauge. I played there by 
mistake, but now I don't care HCL or ACL.}  exd5 
6.cxd5 g6 7.e4 a6 8.Bf4 {My message still 
appears.}  b5 {:-) Sorry! My english is not good.} 
 9.Qe2 {I mean my old messages to you appear on 
the screen until the new message is written.}  Be7 
{Thomas is building still on this site.}  10.Qc2 
O-O 11.a4 b4 12.Nb1 Kg7 13.Bd3 Nh5 14.Be3 f5 
15.exf5 Bxf5 16.Nbd2 Bxd3 17.Qxd3 Rf5 18.Qc4 Qf8 
19.O-O Nd7 20.g4 Rxf3 21.Nxf3 Qxf3 22.gxh5 Ne5 
23.Qf4 Qxh5 24.f3 Rf8 25.Qe4 Rxf3 26.Bf4 Bf6 
27.Rxf3 {You play like a computer.}  Qxf3 {... I 
play with a lot of patience!}  28.Qxf3 Nxf3+ 
29.Kg2 Nh4+ 30.Kh3 Nf5 31.Rb1 g5 32.Rg1 h6 33.b3 
Bd4 34.Rg2 {Forgive ma a question. Do you use 
chess software playing in HCL?}  Kg6 {No! But I do 
use my experience of 45 years as a chess-player!}  
35.a5 {Fine. It's interesting how you can combine 
playing in ACL and HCL. I play in ACL without 
support.}  Kf6 {I play in both leagues without 
chess engine.}  36.Bc1 {As me.}  Bc3 37.Kg4 Nd4 
38.Bb2 Ke5 39.Kh5 Nxb3 40.Kxh6 Bxb2 41.Rxb2 c4 
42.Rg2 Nxa5 43.Rxg5+ Kd4 44.Rg4+ 
Kc5 0-1

[Event "HCL-E025"]
[Site "www.playchess.de"]
[Date "2001.02.20"]
[Round "3"]
[White "peze2"]
[Black "KARFOPOULOS"]
[WhiteElo "2103"]
[BlackElo "2333"]
[PlyCount "42"]
[Result "1/2-1/2"]

1.e4 {Hello again!}  e5 {Hello!! I think that we 
are going to play a lot of games between us.Good 
luck.}  2.f4 {Yes. :-)) Good luck!}  exf4 3.Nf3 
Be7 4.Bc4 Bh4+ 5.g3 fxg3 6.O-O gxh2+ 7.Kh1 d5 
8.Bxd5 Nf6 9.Bxf7+ Kxf7 10.Nxh4 Rf8 11.d3 Kg8 
12.Nc3 Nxe4 {I think that you missed that move.}  
13.dxe4 {Yes!}  Rxf1+ {you should have played 
12.Qf3 a line recommend by Kortchnoi}  14.Qxf1 
Qxh4 15.Qc4+ Kh8 16.Qf7 Qe1+ 17.Kxh2 Qh4+ 18.Kg1 
Qg3+ 19.Kh1 Qh3+ 20.Kg1 Qe6 {sorry,but I fight my 
games till the end.}  21.Qxc7 Qg4+ {I ANALYSED 
TILL THE END AND I DID FIND A CLEAR WINNING PLAN.} 
 1/2-1/2

[Event "HCL-A073"]
[Site "www.playchess.de"]
[Date "2001.02.20"]
[Round "31"]
[White "Roussos"]
[Black "oiram"]
[WhiteElo "1700"]
[BlackElo "1700"]
[PlyCount "20"]
[Result "0-1"]

1.e4 e5 {good luck}  2.Nf3 Nc6 3.d4 exd4 4.Bc4 
Bb4+ 5.c3 dxc3 6.Qd5 cxb2+ 7.Ke2 bxc1N+ {%}  
8.Rxc1 Qe7 9.Ng5 Ne5 10.Bb3 c6 0-1

[Event "HCL-C162"]
[Site "www.playchess.de"]
[Date "2001.02.20"]
[Round "29"]
[White "xantia3"]
[Black "Translightor"]
[WhiteElo "1640"]
[BlackElo "1401"]
[PlyCount "49"]
[Result "1-0"]

1.d4 Nf6 2.c4 d6 3.Nf3 Nbd7 4.Nc3 c6 5.e4 e5 6.Be2 
Be7 7.O-O O-O 8.Qc2 Qc7 9.Rd1 h6 10.b4 exd4 
11.Nxd4 d5 12.cxd5 Bxb4 13.Ncb5 Qb6 14.dxc6 bxc6 
15.Nxc6 Bc5 16.Nbd4 Bxd4 17.Rxd4 Nc5 18.Rd6 Kh8 
19.Rb1 Qc7 20.Qxc5 Nxe4 21.Rxh6+ gxh6 22.Qxf8+ Kh7 
23.Qxh6+ Kg8 24.Bb2 f5 25.Bc4+ 1-0

[Event "HCL-B170"]
[Site "www.playchess.de"]
[Date "2001.02.20"]
[Round "2"]
[White "SAROS"]
[Black "ric70"]
[WhiteElo "1315"]
[BlackElo "1552"]
[PlyCount "28"]
[Result "0-1"]

1.b3 e5 2.Bb2 Nc6 3.e4 Nf6 4.Qe2 Bc5 5.Nc3 Nd4 
6.Qd3 d5 7.Nxd5 Nxd5 8.Bxd4 Bxd4 9.c3 Nf4 10.Qf3 
Bb6 11.Bc4 O-O 12.Ne2 Nxe2 13.Qxe2 Qg5 14.Qf3 
Be6 0-1

[Event "HCL-C172"]
[Site "www.playchess.de"]
[Date "2001.02.20"]
[Round "9"]
[White "dg"]
[Black "Flay"]
[WhiteElo "1110"]
[BlackElo "1461"]
[PlyCount "82"]
[Result "0-1"]

1.e4 e5 2.f4 d6 3.Nf3 Nc6 4.Bb5 Bd7 5.d3 a6 6.Bxc6 
Bxc6 7.fxe5 dxe5 8.Nxe5 Nf6 9.Nxc6 bxc6 10.Bg5 Be7 
11.O-O O-O 12.Nc3 Rb8 13.b3 Qd6 14.Qf3 Qc5+ 15.d4 
Qxg5 16.e5 Nd7 17.Qxc6 Qe3+ 18.Kh1 Qxd4 19.Rfd1 
Qc5 20.Qxc5 Nxc5 21.Nd5 Bd8 22.a3 Ne4 23.Kg1 Re8 
24.Rde1 Rb5 25.Rxe4 Rxd5 26.Ra4 a5 27.b4 c6 28.c4 
Rdxe5 29.Rc1 Bg5 30.Rb1 axb4 31.axb4 R5e3 32.b5 
Be7 33.b6 Bc5 34.Kf1 R3e4 35.g3 R4e2 36.b7 Rf2+ 
37.Kg1 Rb2+ 38.Kh1 Rxb1+ 39.Kg2 Rxb7 40.Ra5 Bf8 
41.Ra4 c5 0-1

[Event "HCL-C178"]
[Site "www.playchess.de"]
[Date "2001.02.20"]
[Round "4"]
[White "dakini"]
[Black "craigsadler"]
[WhiteElo "1438"]
[BlackElo "354"]
[PlyCount "76"]
[Result "0-1"]

1.e4 c6 2.d4 d5 3.Nc3 dxe4 4.Nxe4 Bf5 5.Ng3 Bg6 
6.Nf3 Nd7 7.Bc4 e6 8.O-O Bd6 9.Re1 Bxg3 10.fxg3 
Qe7 11.Bg5 Ngf6 12.d5 cxd5 13.Bxd5 O-O 14.Bxb7 
Rab8 15.Bc6 Rxb2 16.Bxf6 gxf6 17.Re2 Nb8 18.Be4 
Qc5+ 19.Kh1 Bxe4 20.Rxe4 Qxc2 21.Qxc2 Rxc2 22.Nd4 
Rc4 23.Rae1 Rd8 24.Rg4+ Kf8 25.Rd1 Rdc8 26.h4 R4c1 
27.Rg1 Rxg1+ 28.Kxg1 Rc1+ 29.Kh2 f5 30.Rg5 Rc4 
31.Nf3 Ra4 32.Rh5 Kg7 33.Ng5 h6 34.Nf3 Kg6 35.g4 
Rxg4 36.Ne5+ Kxh5 37.Nxg4 fxg4 38.Kg3 
e5 0-1

[Event "HCL-B176"]
[Site "www.playchess.de"]
[Date "2001.02.20"]
[Round "7"]
[White "daniela"]
[Black "rafita"]
[WhiteElo "1500"]
[BlackElo "1365"]
[PlyCount "38"]
[Result "0-1"]

1.e4 {my english is not so good, but I hope the 
best for us}  Nf6 {thanks, good luck!}  2.e5 {What 
does it mean 5d 09:49.}  Nd5 {It means 5 days, 9 
hours 49 minutes.}  3.Bc4 {I believed, we should 
make 1 move all 2 days. That's wrong? Daniela}  
Nb6 {One move each day is fine, and still you have 
5 days to spare}  4.Bb3 {It is a kind of bonus, 
o.k.? Do you playing in a club?}  c5 {I only play 
online. How about you?}  5.c3 {Sometimes I also 
play in a club, but most of time I am more a 
trainer. It's a question of time.}  Nc6 6.d4 cxd4 
7.cxd4 {Do you play often this opening? It is new 
for me.}  d6 {yes, it is called "Alekhine 
defense"}  8.Bf4 {never had heard "A.d."  or I 
don't know the german translation}  dxe5 {how do 
you say "defense" in German then? (or 
"defence"<-British spelling}  9.dxe5 {defens(c)e 
means "Verteidigung"}  Qxd1+ 10.Bxd1 {Is that all 
theorie?}  Nc4 {Not really. The most common 
continuation is 3. d4 d6. See Fischer-Spassky 
match, 1972 games 13, 19}  11.Nc3 {I have some 
chess-books, but not those.}  N4xe5 12.Bc2 Be6 
{there are a lot of materials in the web, for ex. 
http://www1.pitt.edu/~schach/Archives/index2.html} 
 13.Be4 {Thank you for this information, but I 
must admit, that I don't have enough time for 
that!?}  O-O-O {that's fine}  14.b4 {good night!}  
Nd3+ {thanks, good night to you too}  15.Bxd3 
{Till sunday in the evening or till monday!}  Rxd3 
{hava a good weekend}  16.Nge2 {Thanks ... the sun 
was shining and I won in an other town.}  Nxb4 
{that sounds good}  17.Rc1 {That is the 2. game, 
which  I will lose.}  Nc6 {what do you mean?}  
18.O-O {The game is over in some moves!}  h6 
{well, that has to happen anyway...let's see what 
happens}  19.Na4 {Yes, some moves ...}  
Bxa2 0-1

[Event "ACL-A090"]
[Site "www.playchess.de"]
[Date "2001.02.20"]
[Round "1"]
[White "peze2"]
[Black "hisamawi_s"]
[WhiteElo "2014"]
[BlackElo "1500"]
[PlyCount "55"]
[Result "1-0"]

1.c4 Nf6 2.Nc3 e6 3.d4 d5 4.cxd5 exd5 5.Bg5 Be7 
6.e3 O-O {hast du international rating du spielst 
gut}  7.Bd3 {Ich habe keine FIDE-Rating. Ich 
spiele just for fun. Im Alter von 10 Jahren 
begonnen.}  c6 8.Qc2 h6 9.Bf4 Nbd7 10.Nf3 b6 11.h3 
c5 12.O-O Bb7 13.Rac1 a6 14.Bf5 Re8 15.dxc5 Nxc5 
16.Rfd1 Bd6 17.Bxd6 Qxd6 18.e4 Ncd7 19.Bxd7 Qxd7 
20.e5 Nh5 21.Rd4 Rac8 22.g4 Rc4 23.Qd2 Qe6 24.Re1 
g5 {good !!you must win}  25.gxh5 Qxh3 26.Nh2 Qxh5 
27.Rxc4 dxc4 28.Qd7 1-0

[Event "HCL-C179"]
[Site "www.playchess.de"]
[Date "2001.02.20"]
[Round "11"]
[White "Translightor"]
[Black "guigao"]
[WhiteElo "1418"]
[BlackElo "1000"]
[PlyCount "57"]
[Result "1-0"]

1.e4 {Welcome & Good luck!}  c5 2.Nf3 e6 3.d4 Nf6 
4.e5 Nd5 5.c4 Nb6 6.Nc3 d5 7.Bg5 Qd7 8.cxd5 Nxd5 
9.Bc4 Nxc3 10.bxc3 Nc6 11.O-O h6 12.Be3 cxd4 
13.cxd4 Na5 14.Be2 Be7 15.Qd2 b6 16.a4 a6 17.Rab1 
Rb8 18.d5 Qxa4 19.Rxb6 Rxb6 20.Bxb6 Nc4 21.Bxc4 
Qxc4 22.Rc1 Qxc1+ 23.Qxc1 O-O 24.d6 Bg5 25.Nxg5 
hxg5 26.Qc7 a5 27.d7 Bxd7 28.Qxd7 Rb8 
29.Qc7 1-0

[Event "HCL-A078"]
[Site "www.playchess.de"]
[Date "2001.02.20"]
[Round "6"]
[White "teenspirit"]
[Black "eastman"]
[WhiteElo "1732"]
[BlackElo "1700"]
[PlyCount "38"]
[Result "0-1"]

1.e4 {Hi}  c5 {Hi. Let's have a fair game.}  2.Nf3 
{A fair and fought one! :)}  d6 {;)}  3.d4 {Well, 
let's try how sicilian works (Im a 1.d4 player, 
but wanna search for new positions :)}  cxd4 {Ok. 
Let's see what you can!}  4.Nxd4 Nf6 5.Nc3 a6 6.f3 
g6 {At the moment not bad. It's all theorie}  
7.Be3 {Yeah, I've seen it all. U play real 
tourneys?}  Bg7 {somtimes}  8.Qd2 {That's nice! me 
too.}  O-O {With good or bad results?}  9.O-O-O 
{Well... I have a rating where I play vs too 
strong players to win prizes... but not bad!}  b5 
{Nice.}  10.Bd3 {Well, right now it's new for 
me... just playing chess now! help! ;)}  Bb7 {Make 
a turn and then I say you if it is good (for me)! 
;P}  11.g4 {Well here I come! bayonette 
attaaaack!}  Nfd7 {I hope your bayonette will not 
be broken on my fortress!}  12.h4 e5 {not bad!}  
13.Nb3 Nb6 {Try your best!}  14.Qf2 N8d7 {I must 
say your side stays a little bit better but I try 
my best to change it!!!}  15.Bxb5 {sorry but I 
have turned crazy! I could play positional but...} 
 axb5 {... I can understand you (a little bit!). 
But you really think it's enough to kill me? ;)))} 
 16.Rxd6 Nc4 {You say nothing. Why?}  17.Rd3 
{Sorry I am at work... Bxb5 was horrible :)}  b4 
{Ataaaaaaaacke!!! ;]}  18.Nc5 {Last try...}  Bc6 
{Very interesting. But it will not be enough... 
;)}  19.Nd5 Rxa2 {:o}  0-1

[Event "HCL-A079"]
[Site "www.playchess.de"]
[Date "2001.02.20"]
[Round "31"]
[White "klypp"]
[Black "Lydeking"]
[WhiteElo "2119"]
[BlackElo "1534"]
[PlyCount "49"]
[Result "1-0"]

1.e4 c5 {hej igen}  2.Nf3 {Hei! Takk for et 
fantastisk parti!}  d6 {jo, selvtak . Nu er det 
min tur til at vinde, tillykke med dine mange 
sejre}  3.d4 Nf6 4.Nc3 cxd4 5.Nxd4 g6 6.Be3 Bg7 
7.f3 Nc6 8.Bc4 O-O 9.Qd2 Bd7 10.O-O-O Ne5 11.Bb3 
Rc8 12.g4 Nc4 13.Bxc4 Rxc4 14.h4 b5 15.h5 Qc7 
16.Ndxb5 Qa5 17.Nd4 Rfc8 18.Nb3 Qa6 19.hxg6 fxg6 
20.Kb1 Be6 21.Bg5 R4xc3 22.bxc3 Nd7 23.Bxe7 Bxc3 
24.Qxd6 Rc6 25.Qh2 1-0

[Event "HCL-B164"]
[Site "www.playchess.de"]
[Date "2001.02.20"]
[Round "11"]
[White "pird"]
[Black "Vampyr"]
[WhiteElo "1487"]
[BlackElo "1728"]
[PlyCount "56"]
[Result "0-1"]

1.e4 c5 2.d4 cxd4 3.c3 Nf6 4.e5 Nd5 5.Nf3 Nc6 
6.Bc4 Nb6 7.Bb3 d6 8.exd6 Qxd6 9.Na3 e5 10.O-O 
dxc3 11.Qxd6 Bxd6 12.Nb5 Bb8 13.Nxc3 O-O {draw?}  
14.Be3 Nd7 15.Rfd1 Nf6 16.Ba4 Bg4 17.Bg5 Nd4 
18.Bxf6 gxf6 19.Rd3 Rd8 {i win}  20.Nxd4 Rxd4 
21.Rg3 Kf8 22.h3 Bf5 23.Rd1 a6 24.Rxd4 exd4 25.Rf3 
dxc3 {i win give up}  26.Rxf5 cxb2 27.Bc2 Be5 
{play quick}  28.Rf3 Rc8 {I win.I mate or i had a 
queen}  0-1

[Event "HCL-C185"]
[Site "www.playchess.de"]
[Date "2001.02.20"]
[Round "1"]
[White "Paulus"]
[Black "chvs2002"]
[WhiteElo "1000"]
[BlackElo "1000"]
[PlyCount "32"]
[Result "0-1"]

1.e4 e5 2.Nf3 Nc6 3.d4 d5 4.Nxe5 dxe4 5.Bb5 Qd6 
6.Bf4 Bd7 7.Bxc6 Bxc6 8.Nxf7 Qxf4 9.Nxh8 Bb5 10.c4 
Bxc4 11.Qa4+ b5 12.Qc2 O-O-O 13.Nd2 Bb4 14.O-O-O 
Rxd4 15.b3 Bd3 16.Qc6 Ba3+ 0-1

[Event "HCL-B180"]
[Site "www.playchess.de"]
[Date "2001.02.20"]
[Round "2"]
[White "janus"]
[Black "pird"]
[WhiteElo "1738"]
[BlackElo "1487"]
[PlyCount "37"]
[Result "1-0"]

1.e4 c6 2.d4 d5 3.Nd2 dxe4 4.Nxe4 Bf5 5.Ng3 Bg6 
6.Nf3 Nd7 7.h4 h6 8.h5 Bh7 9.Bd3 Bxd3 10.Qxd3 Qc7 
11.Rh4 e6 12.Bf4 Bd6 13.Bxd6 Qxd6 14.Ne4 Qb4+ 
15.Nfd2 O-O-O 16.Qg3 Ngf6 17.Nd6+ Kb8 18.c3 Qa4 
19.Nxf7+ 1-0

[Event "HCL-B180"]
[Site "www.playchess.de"]
[Date "2001.02.20"]
[Round "10"]
[White "deadeasy"]
[Black "Jefersonmello"]
[WhiteElo "1500"]
[BlackElo "1500"]
[PlyCount "47"]
[Result "1-0"]

1.d4 {hello from london}  d5 {Hi from Rio de 
Janeiro}  2.e4 {Rio! lucky you. sun sand and 
football!!!!!}  dxe4 {i love england pop rock, 
morrissey, Boy George, Blur, Gene and more}  3.Nc3 
{obviously a few years younger than me. bowie, 
stones etc ;-)}  f5 4.Bf4 a6 5.f3 exf3 6.Nxf3 e6 
7.Bc4 Nf6 8.O-O Bb4 9.Ng5 h6 10.Nxe6 Bxe6 11.Bxe6 
g6 12.Re1 Kf8 13.Qf3 Qxd4+ 14.Be3 Qd8 15.Qxb7 Bxc3 
16.bxc3 Nbd7 17.Rad1 Rh7 18.Bc5+ Kg7 19.Bxd7 Nxd7 
20.Re7+ Kh8 21.Rdxd7 Rxe7 22.Rxd8+ Rxd8 23.Bxe7 
Rd1+ 24.Kf2 1-0

[Event "HCL-B183"]
[Site "www.playchess.de"]
[Date "2001.02.20"]
[Round "7"]
[White "Translightor"]
[Black "Tumbleweed"]
[WhiteElo "1415"]
[BlackElo "1200"]
[PlyCount "37"]
[Result "1-0"]

1.e4 {Welcome & Good luck!}  Nf6 2.e5 Ng4 3.d4 d6 
4.h3 Nh6 5.Nf3 Nf5 6.Nc3 b6 7.Bc4 e6 8.O-O Bb7 
9.Re1 Nd7 10.exd6 c6 11.Ng5 Nxd6 12.Bxe6 fxe6 
13.Nxe6 Qc8 14.Qh5+ g6 15.Nf4+ Kd8 16.Nxg6 Rg8 
17.Qxh7 Nf6 18.Bg5 Be7 19.Qxe7+ 1-0